100 Musical Albums by The Fragment of Its Cover - Statistics

General Stats
  • This quiz has been taken 15 times
  • The average score is 36 of 100
Answer Stats
Picture Answer % Correct
The Dark Side of the Moon
100%
Thriller
93%
Bad
87%
Led Zeppelin
87%
Hotel California
80%
Let It Be
80%
Brothers in Arms
73%
Californication
73%
Nevermind
73%
The Joshua Tree
73%
American Idiot
67%
Help!
67%
Highway to Hell
67%
In Utero
67%
Elvis Presley
60%
Kid A
60%
OK Computer
60%
Paranoid
60%
Wish You Were Here
60%
A Night at the Opera
53%
Are You Experienced?
53%
Like a Virgin
53%
London Calling
53%
Master of Puppets
53%
Metallica
53%
News of the World
53%
Parklife
53%
Straight Outta Compton
53%
The Doors
53%
Blood Sugar Sex Magik
47%
Dirt
47%
Get Rich or Die Tryin'
47%
In the Court of the Crimson King
47%
Sticky Fingers
47%
The Queen is Dead
47%
To Pimp a Butterfly
47%
Use Your Illusion
47%
Violator
47%
Aqualung
40%
Combat Rock
40%
Demon Days
40%
Dynasty
40%
Machine Head
40%
Ride the Lightning
40%
Kill 'Em All
33%
Madvillainy
33%
My Generation
33%
Rage Against the Machine
33%
The Slim Shady LP
33%
Yeezus
33%
Americana
27%
... And Justice for All
27%
Hypnotize
27%
Mezmerize
27%
Parallel Lines
27%
Peace Sells... but Who's Buying?
27%
Pornography
27%
The Black Parade
27%
The Fame
27%
The Money Store
27%
Tubular Bells
27%
Burn
20%
Exmilitary
20%
Fun House
20%
It Takes a Nation of Million to Hold Us Back
20%
Load
20%
Love at First Sting
20%
Meteora
20%
Play
20%
Raising Hell
20%
Selected Ambient Works 85-92
20%
Slipknot
20%
Ummagumma
20%
Actually
13%
Angel Dust
13%
A Saucerful of Secrets
13%
Bad Brains
13%
Get a Grip
13%
Hello Nasty
13%
Long Season
13%
Meet the Beatles!
13%
Piece of Mind
13%
The Fat of the Land
13%
Turbo
13%
Bone to Pick
7%
Bricks Are Heavy
7%
Leather Teeth
7%
Mista Thug Isolation
7%
Music for the Jilter Generation
7%
Nighttime
7%
Out of Step
7%
Power, Corrupion & Lies
7%
See You on the Other Side
7%
Sehnsucht
7%
Something for Everybody
7%
South of Heaven
7%
The Age of Plastic
7%
The Lounge Lizards
7%
The Uncanny Valley
7%
What Do You Know, Deuschland?
7%
No matching quizzes found
Score Distribution
Percent of People with Each Score
Percentile by Number Answered
Your Score History
You have not taken this quiz